| 000 | 01419cam a2200133 4500500 | ||
|---|---|---|---|
| 005 | 20251214004006.0 | ||
| 041 | _afre | ||
| 042 | _adc | ||
| 100 | 1 | 0 |
_aBazin, Jean-François _eauthor |
| 245 | 0 | 0 | _aLe chanoine Kir : La vie fantasque d'un homme politique en soutane |
| 260 |
_bArmand Colin,
_c2018. |
||
| 520 | _aVous connaissez le kir : composé d’un vin blanc sec de Bourgogne, l’aligoté, et de crème de cassis de Dijon, cet apéritif entré dans la langue universelle a fait le tour du monde. Un nom propre devenu nom commun, ayant sa place dans les dictionnaires et sur les cartes de restaurant. Car le chanoine Kir a vraiment existé ! Jean-François Bazin nous raconte l’existence hors du commun de ce prêtre et homme politique, qui illustre un siècle de relations entre la société politique et la société religieuse. Incarnant la Résistance, il est élu maire de Dijon en 1945 à l’âge de 69 ans. Il s’agit, pense-t-on alors, d’un mandat de gratitude et d’estime. Mais à sa mort en 1968, il porte toujours l’écharpe tricolore sous sa soutane ! Député dans le même temps, il est deux fois doyen de l’assemblée nationale. Don Camillo devenu Peppone, le dernier député en soutane de la République doit sa gloire à cet apéritif qu’il n’a pas inventé. | ||
| 856 | 4 | 1 | _uhttps://shs.cairn.info/le-chanoine-kir--9782200621001?lang=fr&redirect-ssocas=7080 |
| 999 |
_c1568100 _d1568100 |
||